00000000nam##2200000za#4500
0019.601338
003CaOODSP
00520210624210027
007cr |||||||||||
008150406|2006||||xxc|||||o    f|0| 0 fre|d
022 |a1919-5117
040 |aCaOODSP|bfre
043 |an-cn---
0861 |aFs70-6/2006-031F-PDF
1101 |aCanada. |bMinistère des pêches et des océans. |bRégion des Maritimes.
24510|aÉvaluation du hareng de 4VWX en 2006 |h[ressource électronique]
260 |aDartmouth - Nouvelle-Écosse : |bPêches et Océans Canada. |cJuin 2006.
300 |a14p.|bgraphiques, ill., carte, références, tableaux
4901 |aSecrétariat canadien de consultation scientifique, avis scientifique |x1919-5117|v2006/031, Région des Maritimes
590 |a11-15-Supp|b2011-08-22
77508|t2006 assessment of 4VWX herring |w(CaOODSP)9.570690
830#0|aAvis scientifique (Secrétariat canadien de consultation scientifique)|x1919-5117|v2006/031, Région des Maritimes|w(CaOODSP)9.502624
85640|ahttp://publications.gc.ca|qPDF|s222 Ko|uhttps://publications.gc.ca/collections/collection_2011/mpo-dfo/Fs70-6-2006-031-fra.pdf|y2006/031, Région des Maritimes